000 01064nam a2200313 a 4500
001 000011844
003 DO-SdBPM
005 20260123125256.0
007 ta
008 091028d2002 dr a r 000 0 spa d
020 _a9993403369
040 _aDO-SdBPM
_bspa
_cBPMSU
_drda
082 4 _aRD861.44
_bC679g 2002
_222
100 1 _aCoiscou Guzmán, Grey,
_d1941-
_eautor
_4aut.
245 1 4 _aLas gacelas y casidas del rubio (1980-2000) :
_b(poemas arabigo-andaluces) /
_cGrey Coiscou Guzmán.
264 _aSanto Domingo :
_bColoco,
_c2002.
300 _a94 páginas :
_bilustraciones ;
_c22 cm.
336 _atexto
_btxt
_2rdacontent
337 _asin mediación
_bn
_2rdamedia
338 _avolumen
_bnc
_2rdacarrier
500 _aIncluye datos biográficos de la autora en la solapa de la cubierta
590 _aInventariado, 2026/VM
600 1 7 _aCoicou Guzmán, Grey
_d1941-
650 7 _aPoesía dominicana
650 7 _aLiteratura dominicana.
650 z _aDominican literature
910 4 _aVMateo V. Control de calidad. BPMSU
942 _2ddc
_cBK
999 _c15626
_d15626